| 000 | 02748nam a2200553 a 4500 | ||
|---|---|---|---|
| 001 | 991054269139706706 | ||
| 003 | ES-BaIT | ||
| 005 | 20260130135002.0 | ||
| 008 | 021003s1793 sp |||||| 000 d|spa | ||
| 026 |
_eo?r? s,r! a,ad a!o. C ca.1793 Q _2fei |
||
| 035 | _a(ES-BaCBU).b24343110 | ||
| 040 |
_aES-BaBC _bcat _cES-BaBC |
||
| 080 | _a860-2"17" | ||
| 245 | 0 | 0 | _aEntremes del mico |
| 246 | 3 | 3 | _aMico |
| 260 |
_a[España : _bs.n., _cca. 1793] |
||
| 300 |
_a[16] p. ; _c8º ; _c16 cm |
||
| 500 | _aData aprox. deduïda d'altres entremesos de les mateixes característiques tipogràfiques | ||
| 500 | _aSense signatures | ||
| 500 | _aReclams | ||
| 510 | 3 | _aReferències: BUB [en línia]; CCPBC [en línia]; CCPBE [en línia]; Palau 168039 | |
| 533 | _aReproducció digital disponible a Biblioescènic | ||
| 593 | 0 | 0 |
_bVIT-080/18. _cRelligat en volum factici. _gExemplar digitalitzat per Crossland. _hArtur Sedó |
| 593 | 0 | 0 |
_bVIT-082/06. _cRelligat en volum factici. _gExemplar digitalitzat per Crossland. _hArtur Sedó |
| 593 | 0 | 0 |
_bVIT-083/12. _cRelligat en volum factici. _gExemplar digitalitzat per Crossland. _hArtur Sedó |
| 593 | 0 | 0 | _choland.granate. Procedència: Col·lecció Joaquín Montaner |
| 593 | 0 | 0 | _choland,granate (Entremeses II) |
| 593 | 0 | 0 | _choland,azul (Entremeses IV) |
| 593 | 0 | 0 | _choland, azul (Entremeses IX) |
| 593 | 0 | 0 | _choland,granate (Entremeses I) |
| 730 | 0 |
_aCol·lecció digital Biblioescènic del MAE _969172 |
|
| 752 | _aEspanya | ||
| 856 | 4 | 1 |
_zAccés lliure (Biblioescènic) _3Exemplar VIT-080/18 _uhttps://books.cdmae.cat/visorpdf/?recurs=SV0080-18 |
| 856 | 4 | 1 |
_zAccés lliure (Biblioescènic) _3Exemplar VIT-082/07 _uhttps://books.cdmae.cat/visorpdf/?recurs=SV0082-07 |
| 856 | 4 | 1 |
_zAccés lliure (Biblioescènic) _3Exemplar VIT-083/12 _uhttps://books.cdmae.cat/visorpdf/?recurs=SV0083-12 |
| 856 | 4 | 1 |
_zAccés lliure _uhttp://www.bibgirona.cat/pandora/details.vm?lang=ca&view=Ripoll&q=id:0000001139 |
| 856 | 4 | 2 |
_3Fitxa del catàleg manual _uhttp://www.cdmae.cat/sedo/imgtitulos/045/P0000978.gif |
| 856 | 4 | 2 |
_3Fitxa del catàleg manual _uhttp://www.cdmae.cat/sedo/imgtitulos/045/P0000979.gif |
| 856 | 4 | 2 |
_3Fitxa del catàleg manual _uhttp://www.cdmae.cat/sedo/imgtitulos/045/P0000980.gif |
| 856 | 4 | 2 |
_3Fitxa del catàleg manual _uhttp://www.cdmae.cat/sedo/imgtitulos/045/P0000981.gif |
| 856 | 4 | 2 |
_3Fitxa del catàleg manual _uhttp://www.cdmae.cat/sedo/imgtitulos/045/P0000982.gif |
| 902 | _aPatrimoni | ||
| 902 | _aFons antic | ||
| 908 |
_aAFP _aBC _aAHCB _aBPA _aANC _aCDMAE |
||
| 940 | _aBC | ||
| 942 |
_2udc _cDIGITAL |
||
| 999 |
_c136923 _d136923 |
||